000 01512nam a2200217Ii 4500
008 221202s xx 000 0 und d
100 1 _aDonovan, Catherine,
_eauthor
245 0 _aDomestic Violence and Sexuality
246 _aWhat's Love Got to Do with It?
264 1 _a[Place of publication not identified] :
_b[Publisher not identified],
_c2015
300 _a1 online resource
336 _atext
_btxt
_2rdacontent
337 _acomputer
_bc
_2rdamedia
338 _aonline resource
_bcr
_2rdacarrier
520 _aThis book provides the first detailed discussion of domestic violence and abuse in same sex relationships, offering a unique comparison between this and domestic violence and abuse experienced by heterosexual women and men. It examines how experiences of domestic violence and abuse may be shaped by gender, sexuality and age, including whether and how victims/survivors seek help, and asks, what’s love got to do with it? A pioneering methodology, using both quantitative and qualitative research, provides a reliable and valid approach that challenges the heteronormative model in domestic violence research, policy and practice. The authors develops a new framework of analysis : practices of love : to explore empirical data.
653 _aSocial Science
653 _aViolence In Society
700 1 _aHester, Marianne
856 _uhttps://library.oapen.org/bitstream/20.500.12657/43963/1/external_content.pdfhttps://library.oapen.org/handle/20.500.12657/43963
942 _cE-BOOK
999 _c61970
_d61970